Multilateralismo : (Record no. 13504)
[ view plain ]
| 000 -CABECERA | |
|---|---|
| campo de control de longitud fija | 00913cam a2200241 a 4500 |
| 001 - NÚMERO DE CONTROL | |
| campo de control | 000013899 |
| 005 - FECHA Y HORA DE LA ÚLTIMA TRANSACCIÓN | |
| campo de control | 20200929163406.0 |
| 008 - DATOS DE LONGITUD FIJA--INFORMACIÓN GENERAL | |
| campo de control de longitud fija | 001107s2000 ve b 001 0 spa |
| 020 ## - NÚMERO INTERNACIONAL ESTÁNDAR DEL LIBRO | |
| Número Internacional Estándar del Libro | 9803171674 |
| 040 ## - FUENTE DE LA CATALOGACIÓN | |
| Centro catalogador/agencia de origen | DO-SdBNP |
| Lengua de catalogación | spa |
| Centro/agencia transcriptor | DLC |
| Centro/agencia modificador | BNPHU |
| 082 ## - NÚMERO DE LA CLASIFICACIÓN DECIMAL DEWEY | |
| Número de clasificación | 327.116 |
| Número de documento/Ítem | M961u |
| 049 ## - FONDOS LOCALES (OCLC) | |
| Fondos de biblioteca | BNGR |
| 245 00 - MENCIÓN DE TÍTULO | |
| Título | Multilateralismo : |
| Resto del título | perspectivas latinoamericanas / |
| Mención de responsabilidad, etc. | Francisco Rojas Aravena (editor). |
| 260 ## - PUBLICACIÓN, DISTRIBUCIÓN, ETC. | |
| Lugar de publicación, distribución, etc. | Caracas, (Venezuela) : |
| Nombre del editor, distribuidor, etc. | Flacso-Chile, |
| -- | Nueva Sociedad, |
| Fecha de publicación, distribución, etc. | 2000. |
| 300 ## - DESCRIPCIÓN FÍSICA | |
| Extensión | 225 p. ; |
| Dimensiones | 23 cm. |
| 504 ## - NOTA DE BIBLIOGRAFÍA, ETC. | |
| Nota de bibliografía, etc. | Incluye referencias bibliográficas. |
| 651 #4 - PUNTO DE ACCESO ADICIONAL DE MATERIA--NOMBRE GEOGRÁFICO | |
| Nombre geográfico | América Latina |
| Subdivisión general | Relaciones Económicas Exteriores |
| 9 (RLIN) | 30739 |
| 651 #4 - PUNTO DE ACCESO ADICIONAL DE MATERIA--NOMBRE GEOGRÁFICO | |
| Nombre geográfico | América Latina |
| Subdivisión general | Relaciones Exteriores |
| 9 (RLIN) | 4075 |
| 651 #4 - PUNTO DE ACCESO ADICIONAL DE MATERIA--NOMBRE GEOGRÁFICO | |
| Nombre geográfico | América Latina |
| Subdivisión general | Integración Económica |
| 9 (RLIN) | 28831 |
| 651 #4 - PUNTO DE ACCESO ADICIONAL DE MATERIA--NOMBRE GEOGRÁFICO | |
| Nombre geográfico | América Latina |
| Subdivisión general | Política Y Gobierno |
| Subdivisión cronológica | 1980- |
| 9 (RLIN) | 31493 |
| 700 1# - PUNTO DE ACCESO ADICIONAL--NOMBRE DE PERSONA | |
| Nombre de persona | Rojas Aravena, Francisco. |
| Término indicativo de función/relación | ed. |
| 9 (RLIN) | 31494 |
| 910 ## - DATOS DE OPCIÓN DEL USUARIO (OCLC) | |
| Datos de opción del usuario | Catalogación por copia / LC |
| Estado de retiro | Estado de pérdida | Restricciones de uso | No para préstamo | Código de colección | Localización permanente | Ubicación/localización actual | Ubicación en estantería | Fecha de adquisición | Número de inventario | Total de préstamos | Signatura topográfica completa | Código de barras | Fecha visto por última vez | Precio válido a partir de | Tipo de ítem Koha |
|---|---|---|---|---|---|---|---|---|---|---|---|---|---|---|---|
| Préstamo interno | Monografías: Libros y Folletos | General | General | En catalogación | 01.12.2009 | LF1 | 327.116 M961u | 13899-10 | 25.06.2020 | 25.06.2020 | Préstamo interno |
